[Event "Saint Louis Invitational-A 2019"]
[Site "Saint Louis"]
[Date "2019.11.23"]
[Round "5.1"]
[White "Thavandiran, Shiyam"]
[Black "Matsenko, Sergei"]
[Result "1/2-1/2"]
[WhiteElo "2409"]
[BlackElo "2533"]
[Annotator "TA"]
[PlyCount "23"]
[EventDate "2019.11.21"]
[EventType "tourn"]
[EventCountry "USA"]
[SourceTitle "playchess.com"]
[Source "ChessBase"]
[SourceQuality "1"]

{[%evp 10,23,0,3,8,0,9,14,16,15,45,28,24,25,25,21]} 1. d4 Nf6 2. Nf3 e6 3. Bf4 b6 4. c4 Bb7 5. e3 Be7 6. Nc3 Nh5 {E12: Queen's Indian: Unusual White 4th moves, 4 a3, 4 Nc3 Bb7 5 a3 and 4 Nc3 Bb7} 7. Bd3 d6 8. O-O Nd7 9. Re1 $146 ({Predecessor:} 9. Be4 Bxe4 10. Nxe4 O-O 11. Nc3 Re8 12. h3 Nxf4 13. exf4 Bf6 14. Re1 {½-½ (80) Dubov,D (2700)-Radjabov,T (2759) Moscow 2019}) 9... c5 10. h3 Nxf4 11. exf4 O-O 12. d5 1/2-1/2

[Event "Saint Louis Invitational-A 2019"]
[Site "Saint Louis"]
[Date "2019.11.23"]
[Round "5.2"]
[White "Stremavicius, Titas"]
[Black "Yoo, Christopher Woojin"]
[Result "1/2-1/2"]
[WhiteElo "2506"]
[BlackElo "2449"]
[Annotator "TA"]
[PlyCount "168"]
[EventDate "2019.11.21"]
[EventType "tourn"]
[EventCountry "USA"]
[SourceTitle "playchess.com"]
[Source "ChessBase"]
[SourceQuality "1"]

{[%evp 9,168,48,45,50,61,50,47,47,54,23,23,29,25,18,24,0,13,0,32,-15,4,0,5,10,21,35,39,7,3,0,0,0,0,3,0,0,0,0,0,0,0,-7,-5,-16,-16,-2,0,8,18,18,28,20,21,29,28,27,32,37,47,47,69,32,37,33,47,47,47,47,47,47,47,33,44,44,44,44,44,44,44,44,44,44,44,44,44,27,47,33,47,47,47,47,47,47,47,47,47,47,47,25,47,28,80,80,80,80,80,80,80,80,80,80,80,80,80,80,80,80,80,80,80,80,80,11,71,0,0,0,0,0,0,0,0,0,0,0,0,0,0,0,0,0,0,0,0,0,0,0,0,0,0,0,0,0,0,0,0,0,0,0,0]} 1. c4 Nf6 2. Nc3 g6 3. e4 e5 4. Nf3 Bg7 5. Nxe5 O-O 6. Nf3 {A16: English Opening: 1...Nf6 with ...d5} Re8 $1 7. d3 d5 $1 {[%cal Rd5e4]} 8. cxd5 {White is slightly better.} Nxd5 9. Nxd5 (9. Bd2 {looks sharper.} c5 10. Be2 Nc7 11. Bg5 Qd6 12. O-O) 9... Qxd5 10. Be2 Qd6 11. O-O c5 12. Nd2 $146 ({Predecessor:} 12. Qc2 Nc6 {1-0 (49) Aronian,L (2784)-Grischuk,A (2752) chess.com INT 2016}) 12... Nc6 13. Nc4 Qd8 14. f4 Nd4 15. Bf3 Be6 16. e5 Nxf3+ 17. Qxf3 {Nd6 is the strong threat.} Bf8 18. Nd2 Qd4+ 19. Kh1 Red8 20. Ne4 Be7 21. Be3 Qxd3 22. Bxc5 Qxf3 23. Rxf3 Bxc5 24. Nxc5 Bd5 25. Rc3 b6 26. Nb3 a5 27. Kg1 Bxb3 28. Rxb3 $11 {[%mdl 4096] Endgame KRR-KRR} Rac8 29. Rc3 Rxc3 30. bxc3 {KR-KR} Rd2 31. Rb1 Rxa2 32. Rxb6 a4 33. Ra6 Rc2 34. Rxa4 {Strongly threatening Ra8+.} Rxc3 35. Kf2 Rc2+ 36. Kg3 Rc3+ 37. Kh4 Rc2 38. Kh3 Rc3+ 39. g3 Rc2 40. Ra1 Re2 41. Rg1 f6 42. Rg2 Re1 43. exf6 Kf7 44. Ra2 Kxf6 45. Ra6+ Kf5 46. Ra5+ Kf6 47. g4 Re7 48. Kg3 Rb7 49. Ra6+ Kg7 50. Ra3 Rc7 51. Rb3 Ra7 52. Rd3 Rb7 53. Kf3 Ra7 54. Rd5 Re7 55. h4 Ra7 (55... Re1 $1 $11 {keeps the balance.}) 56. h5 $16 gxh5 57. Rxh5 Ra3+ 58. Kg2 h6 59. Re5 Rb3 60. Kf2 Ra3 61. Re3 Ra1 62. Rb3 Rh1 63. Kg2 Rh4 64. Rb7+ Kg6 65. Kf3 Kf6 66. f5 (66. Rb6+ $16 Kg7 67. Rb1 Rh3+ 68. Ke4) 66... Rh1 $11 67. Rh7 (67. Rb6+ $16 Ke7 68. Rc6) 67... h5 $1 {[%cal Rh5g4] [#] ( -> ...hxg4+). The position is equal.} 68. Rh6+ Kg5 $1 69. Rg6+ Kh4 70. gxh5 Kxh5 71. Kf4 Ra1 72. Rc6 (72. Rg2 {is interesting.} Ra4+ 73. Ke3 Ra3+ 74. Kd4 Ra4+ 75. Kd5) 72... Ra5 73. Rd6 Ra8 74. Ke5 (74. f6 {seems wilder.} Ra4+ 75. Ke5 Ra5+ 76. Kf4 Kg6 77. Rd1) 74... Kg5 75. Rg6+ Kh5 76. Rg1 Ra5+ 77. Kf6 Ra6+ $1 78. Kg7 Ra7+ 79. Kg8 {[#] f6 would kill now.} Ra8+ 80. Kh7 {White threatens f6 and mate.} Rf8 81. Rf1 {Hoping for Kg7.} Kg5 82. Rg1+ Kf6 83. Rg8 Rxg8 84. Kxg8 Kxf5 {Accuracy: White = 55%, Black = 73%.} 1/2-1/2

[Event "Saint Louis Invitational-A 2019"]
[Site "Saint Louis"]
[Date "2019.11.23"]
[Round "5.3"]
[White "Kevlishvili, Robby"]
[Black "Mishra, Abhimanyu"]
[Result "1/2-1/2"]
[WhiteElo "2475"]
[BlackElo "2396"]
[Annotator "TA"]
[PlyCount "72"]
[EventDate "2019.11.21"]
[EventType "tourn"]
[EventCountry "USA"]
[SourceTitle "playchess.com"]
[Source "ChessBase"]
[SourceQuality "1"]

{[%evp 12,72,56,19,23,10,12,8,39,0,0,0,0,0,0,0,0,0,0,-21,-12,-36,-30,-41,-41,-54,-34,-60,-16,-9,-9,-18,8,14,7,7,16,0,0,-7,-4,-11,-8,-12,-16,-62,-35,-43,-8,-8,-8,-8,-6,-45,-34,-129,0,0,0,0,0,0,0]} 1. e4 c5 2. Nf3 e6 3. d4 cxd4 4. Nxd4 Nc6 5. Nc3 Qc7 6. Be3 a6 7. Nxc6 bxc6 {B48: Sicilian: Taimanov: 5 Nc3 Qc7 6 Be3 a6 without Be2} 8. Qf3 Rb8 (8... Nf6 9. Qg3 Qxg3 10. hxg3 Rb8 11. b3 Bb4 12. Bd2 d5 13. Bd3 e5 14. f3 h6 15. O-O-O {½-½ (35) Van Foreest,J (2622)-Lenderman,A (2645) Saint Louis 2019}) 9. O-O-O $146 ({Predecessor:} 9. Bf4 d6 10. b3 e5 11. Bg3 Nf6 12. Bc4 Be7 13. O-O O-O 14. Bh4 a5 15. Bxf6 Bxf6 {½-½ (39) Scuderi,D (2291)-Kamanel Zamora,J (2250) ICCF email 2014}) 9... Nf6 10. Qg3 Qxg3 $1 11. hxg3 Ng4 $1 12. Ba7 Rb7 13. Be2 Rxa7 14. Bxg4 d6 15. Na4 Be7 16. c4 O-O 17. Rd3 a5 18. b3 Ba6 19. Rd2 f5 20. exf5 exf5 21. Bd1 f4 22. gxf4 Rxf4 23. g3 Rf8 24. Bc2 h6 25. f4 d5 26. cxd5 {[#] d6 is the strong threat.} Bb4 27. Rdd1 cxd5 28. Bd3 Rc7+ 29. Kb2 Bxd3 30. Rxd3 Re8 31. Rh2 $1 Re1 32. Rxd5 Rcc1 33. Nb6 {[#]} (33. Re5 $15) 33... Rg1 ({Black should try} 33... Ra1 $1 $17 {( -> ...Rec1)} 34. Rd8+ Kh7) 34. Rd8+ $1 $11 {The position is equal.} Kh7 {Strongly threatening ...Rb1+.} 35. Nd5 $1 Rb1+ 36. Kc2 Rbc1+ {Accuracy: White = 37%, Black = 72%.} 1/2-1/2

[Event "Saint Louis Invitational-A 2019"]
[Site "Saint Louis"]
[Date "2019.11.23"]
[Round "5.4"]
[White "Zierk, Steven"]
[Black "Hilby, Craig"]
[Result "1/2-1/2"]
[WhiteElo "2512"]
[BlackElo "2414"]
[Annotator "TA"]
[PlyCount "103"]
[EventDate "2019.11.21"]
[EventType "tourn"]
[EventCountry "USA"]
[SourceTitle "playchess.com"]
[Source "ChessBase"]
[SourceQuality "1"]

{[%evp 23,103,35,38,-7,0,-10,-10,-1,-5,-7,-10,-13,-10,-12,-7,-18,-7,-18,-16,-40,-45,-56,-61,-90,-85,-93,-23,-90,-92,-90,-94,-102,-97,-102,-95,-120,-119,-142,-137,-152,-147,-145,-135,-136,-125,-138,-89,-108,-35,-33,-33,-39,0,0,0,0,0,0,0,0,0,0,0,0,0,0,0,0,0,0,0,0,0,0,0,0,0,0,0,0,0,0]} 1. e4 c5 2. Nf3 Nc6 3. d4 cxd4 4. Nxd4 Nf6 5. Nc3 e5 6. Ndb5 d6 7. Bg5 a6 8. Na3 b5 9. Nd5 Be7 10. Bxf6 Bxf6 11. c3 O-O 12. Nc2 Bg5 13. g3 {B33: Sicilian: Pelikan and Sveshnikov Variations} (13. a4 bxa4 14. Rxa4 a5 15. Bc4 Rb8 16. b3 Kh8 17. Nce3 g6 18. h4 Bxh4 19. g3 Bg5 20. f4 exf4 21. gxf4 Bh4+ 22. Kf1 Be6 23. Ra2 f5 24. Rah2 g5 {½-½ (37) Yu,Y (2760)-Lenic,L (2662) chess.com INT 2018}) 13... Ne7 14. h4 Bh6 $1 15. Ncb4 a5 16. Nxe7+ Qxe7 17. Nd5 $1 {[%cal Rd5e7]} Qb7 18. Qd3 Rb8 19. Be2 $146 ({Predecessor:} 19. Bg2 Be6 20. Rd1 b4 {½-½ (58) Prithu,G (2155)-Atakisi,U (2385) Veliko Gradiste 2017}) 19... Be6 20. Rd1 b4 {[%cal Bb5b4,Bb4b3][%mdl 32]} 21. c4 b3 {[#] aiming for ...Bxd5.} 22. a3 Bxd5 $1 23. Qxd5 Qxd5 24. exd5 Rbc8 ({Black should play} 24... e4 $17) 25. O-O (25. g4 $11 Bf4 26. a4) 25... f5 $17 26. a4 e4 27. Kg2 g6 28. f3 Be3 29. h5 Kg7 30. hxg6 hxg6 31. Rh1 Rb8 32. c5 dxc5 33. Bb5 Bd4 34. Rhe1 Rfd8 35. fxe4 {With the idea e5.} fxe4 (35... Bxb2 $17 36. e5 {[#]} c4 $1 {[%mdl 512]} 37. Bxc4 Rdc8) 36. Rxe4 $15 Rxd5 37. Rd3 Rxb5 38. axb5 {[%mdl 4096] Endgame KRR-KRB. The position is equal.} a4 39. Re7+ Kf6 40. Ra7 {Threatens to win with b6.} c4 41. Rxd4 Rxd4 42. Rxa4 $11 {Hoping for b6. KR-KR} Ke7 43. b6 {[%cal Bb5b6,Bb6b7][%mdl 32] Black must now prevent b7.} Kd7 $1 44. Rb4 {White wants to mate with b7.} Kc8 45. b7+ Kb8 46. Kf3 Rd3+ 47. Kf4 Rd4+ 48. Kg5 Rd3 ({Reject} 48... Rd2 $6 49. Rxc4 Kxb7 50. Rb4+ Kc6 51. Rxb3 $16) 49. g4 Rd4 50. Kh4 Re4 51. Kg5 Rd4 52. Kh4 {Accuracy: White = 68%, Black = 76%.} 1/2-1/2

[Event "Saint Louis Invitational-A 2019"]
[Site "Saint Louis"]
[Date "2019.11.23"]
[Round "5.5"]
[White "Boros, Denes"]
[Black "Abrahamyan, Tatev"]
[Result "1/2-1/2"]
[WhiteElo "2448"]
[BlackElo "2397"]
[Annotator "TA"]
[PlyCount "94"]
[EventDate "2019.11.21"]
[EventType "tourn"]
[EventCountry "USA"]
[SourceTitle "playchess.com"]
[Source "ChessBase"]
[SourceQuality "1"]

{[%evp 24,94,0,-18,-17,-15,-8,-25,-19,-54,-37,-54,-14,-12,-17,-3,0,0,12,10,15,25,33,41,36,38,47,24,78,82,93,5,10,8,12,0,0,0,0,0,24,23,45,27,36,29,46,59,59,57,47,12,78,70,61,60,56,66,91,0,0,0,0,0,0,0,0,0,0,0,0,0,0]} 1. Nf3 Nf6 2. d4 e6 3. e3 Be7 4. Bd3 O-O 5. O-O c5 6. c4 d5 7. b3 cxd4 8. exd4 b6 9. Nbd2 Bb7 10. Qe2 Nc6 11. Bb2 Rc8 12. Rac1 Re8 13. a3 Bf8 {E14: Queen's Indian: Classical Variation (4 e3)} (13... dxc4 14. bxc4 Bf8 15. Rfd1 Ne7 16. Ne4 Nxe4 17. Qxe4 Nf5 18. d5 Nd6 19. Qg4 Qe7 20. Be5 Nxc4 21. h3 Nb2 22. Bf4 {0-1 (22) Grachev,B (2675)-Khairullin,I (2634) Olginka 2011}) 14. Rfd1 g6 15. Qe3 Bg7 {Black has an edge.} 16. Nf1 $146 ({Predecessor:} 16. Ne5 dxc4 17. Bxc4 Nd5 18. Qg3 Nce7 19. Ne4 Nf5 20. Qf3 Rf8 21. Re1 {½-½ (40) Filip,M-Eslon,J Stockholm 1975}) 16... Qc7 17. h3 Qb8 18. Ne5 Nxe5 19. dxe5 Nd7 $1 {[%cal Rd7e5]} 20. f4 Qa8 21. b4 Red8 22. cxd5 Rxc1 23. Qxc1 Bxd5 24. Ne3 Bb7 25. Rd2 a5 (25... a6 $11 {keeps the balance.}) 26. Bf1 $16 Nf8 27. b5 (27. Nc4 $16) 27... Rxd2 28. Qxd2 Qc8 29. Bd4 Nd7 30. Nc4 Bf8 31. Qe3 a4 32. f5 $36 {[%mdl 2048] White has the initiative.} Bd5 33. fxe6 fxe6 34. Nd6 Qc2 35. Qf4 {[#] Qf7+ is the strong threat.} Bxd6 $1 36. exd6 {And now Qh4 would win.} Qd1 {next ...Bc4 is good for Black.} 37. Kh2 Qe1 {[#]} (37... Bb3 $11) 38. Bd3 $1 e5 39. Qg5 exd4 40. Qxd5+ {[%mdl 64] Double Attack} Kg7 {With the idea ...Qe5+.} 41. Be4 ({White should try} 41. Qxd4+ $16 Qe5+ 42. Qxe5+ Nxe5 43. Bc2) 41... Qe3 {The position is equal.} 42. Qb7 Qf4+ 43. Kg1 Qc1+ (43... Qxd6 $2 44. Bc6 $18) 44. Kf2 Qd2+ 45. Kg3 Qe3+ 46. Kh2 Qf4+ 47. Kg1 Qc1+ {Accuracy: White = 58%, Black = 55%.} ({Wrong is} 47... Qxd6 $2 48. Bc6 $18) 1/2-1/2

[Event "Saint Louis Invitational-A 2019"]
[Site "Saint Louis"]
[Date "2019.11.24"]
[Round "6.1"]
[White "Matsenko, Sergei"]
[Black "Abrahamyan, Tatev"]
[Result "1-0"]
[WhiteElo "2533"]
[BlackElo "2397"]
[Annotator "TA"]
[PlyCount "43"]
[EventDate "2019.11.21"]
[EventType "tourn"]
[EventCountry "USA"]
[SourceTitle "playchess.com"]
[Source "ChessBase"]
[SourceQuality "1"]

{[%evp 21,43,11,54,-4,-1,0,-5,-30,-23,-23,80,97,73,69,179,187,261,256,501,537,596,592,812,828]} 1. Nf3 Nf6 2. c4 e6 3. g3 b6 4. Bg2 Bb7 5. O-O Be7 6. Nc3 O-O 7. Re1 d5 8. cxd5 Nxd5 9. e4 Nxc3 10. bxc3 c5 11. d4 Nc6 12. Bb2 {A30: Symmetrical English: Double Fianchetto and Hedgehog} (12. d5 $14) (12. d5 Na5 13. Bf4 exd5 14. exd5 Bd6 15. Ne5 Qc7 16. Qg4 Rfe8 17. Nd3 c4 18. Bxd6 Qxd6 19. Nb4 Rad8 {1-0 (33) Le,Q (2689)-Cao,S (2557) Ho Chi Minh City 2010}) 12... Na5 $146 ({Predecessor:} 12... Rc8 13. Rc1 Na5 14. Ne5 Bd6 15. f4 Qe7 16. Qe2 Rfd8 17. Red1 Bb8 18. Bh3 cxd4 19. cxd4 Rxc1 20. Rxc1 {1-0 (37) Popov,V (2555)-Nasuta,G (2351) Wroclaw 2014}) 13. Qd3 Rc8 14. d5 {The position is equal.} exd5 15. exd5 Bf6 (15... Bxd5 $11 16. Ng5 (16. Rxe7 Qxe7 17. Qxd5 Rcd8 $11) 16... Bxg5 17. Bxd5 Bf6) 16. Ne5 $16 c4 17. Qc2 Bxe5 (17... Be7 $14) 18. Rxe5 $18 Qd6 (18... Re8 {was worth a try.} 19. Rae1 Rxe5 20. Rxe5 Qd7) 19. Rae1 b5 $2 {[#]} (19... Ba8 20. Qa4 Nb7) 20. Qc1 {White is clearly winning.} Rfd8 21. Ba3 Qb6 22. Be7 {Accuracy: White = 61%, Black = 39%.} 1-0

[Event "Saint Louis Invitational-A 2019"]
[Site "Saint Louis"]
[Date "2019.11.24"]
[Round "6.2"]
[White "Hilby, Craig"]
[Black "Boros, Denes"]
[Result "1-0"]
[WhiteElo "2414"]
[BlackElo "2448"]
[Annotator "TA"]
[PlyCount "100"]
[EventDate "2019.11.21"]
[EventType "tourn"]
[EventCountry "USA"]
[SourceTitle "playchess.com"]
[Source "ChessBase"]
[SourceQuality "1"]

{[%evp 9,100,23,26,20,40,-47,-39,-35,-8,-20,0,-25,-27,-16,-21,-30,23,-58,-65,-55,4,0,14,7,2,4,12,-72,-76,-73,-79,-88,-76,-68,-45,-42,-16,0,0,-11,105,84,83,109,109,68,44,41,116,41,25,25,116,119,119,62,119,104,230,154,215,220,223,223,229,232,490,486,457,452,562,557,540,522,505,171,241,214,626,799,1736,1615,1625,760,704,570,4678,4627,29986,29987,29987,29985,29984]} 1. d4 Nf6 2. Bg5 c5 3. d5 d6 4. Nc3 h6 5. Bxf6 exf6 6. e4 {A45: Trompowsky Attack} a6 7. Qf3 $146 (7. a4 $14) ({Predecessor:} 7. a4 g6 8. Bd3 Bg7 9. Nf3 Nd7 10. Nd2 Ne5 11. Be2 g5 {0-1 (41) Moreno Ruiz,J (2464)-Salgado Lopez,I (2627) Las Palmas 2017}) 7... g6 $15 8. Bd3 {Black is slightly better.} Nd7 9. Qg3 b5 10. a4 c4 11. Be2 b4 12. Na2 Qb6 (12... a5 $142) 13. c3 (13. Nf3 $11) 13... bxc3 $1 14. Qxc3 Nc5 ({Black should play} 14... Bg7 $15 15. a5 Qc7) 15. a5 $11 Qb3 16. Bxc4 Qxc3+ $1 17. Nxc3 Rb8 18. O-O-O (18. Rb1 $11) 18... Bg7 $17 {[%mdl 1024] Black has strong compensation.} 19. Nf3 Rb4 20. b3 f5 21. Kc2 O-O 22. Na2 Rb7 (22... Rxc4+ $5 23. bxc4 Bd7 $15) 23. Nd4 ({Reject} 23. e5 dxe5 24. Rhe1 (24. b4 $2 Ne4 $19) 24... Ne4 $17) 23... fxe4 {With the idea ...Bg4.} 24. b4 Nd3 (24... Nd7 $11 {remains equal.}) 25. Nc6 $16 Rc7 ({Much less strong is} 25... Nxf2 26. Bxa6 Rd7 27. Bxc8 $11) 26. Bxd3 exd3+ 27. Kxd3 Bf5+ 28. Kc4 Bc2 {[#]} (28... Rxc6+ $14 29. dxc6 Be6+ 30. Rd5 Rc8) 29. Rde1 (29. Rc1 $1 $16 {[%cal Rc1c2]} Ba4 30. Nc3 Bxc6 31. dxc6) 29... Ba4 $1 $14 30. Re7 Rfc8 (30... Rcc8 $11) 31. Rxc7 $16 Rxc7 32. Rc1 ({White should try} 32. Rb1 $16) 32... Bb2 (32... Kf8 $1 $14) 33. Re1 g5 (33... Kf8 $16 {might work better.}) 34. Nc3 Bxc6 (34... Bxc3 $16 35. Re8+ (35. Kxc3 Kf8 $16) 35... Kg7 36. Kxc3 Bxc6 37. dxc6 Rxc6+ 38. Kd3 Kf6) 35. dxc6 $18 Rxc6+ 36. Kb3 Bxc3 {[%mdl 4096] Endgame KRB-KR} 37. Rc1 d5 $2 (37... Bxb4 {was worth a try.} 38. Rxc6 Bxa5 39. Rxd6 Kg7 40. Rxa6 Be1) 38. Rxc3 {KR-KR} Rd6 {[#]} 39. b5 $1 {[%mdl 512]} d4 (39... axb5 40. Rc1) 40. Rd3 axb5 41. Kb4 Kf8 {[#]} 42. Kxb5 $2 (42. Kc5 $1 {[%mdl 512]} Ke7 43. Kxb5) 42... Rd5+ 43. Kb4 {Hoping for a6.} Rd6 $2 {[#]} (43... Ke7 44. a6 Rd7) 44. Kc5 $1 {[%mdl 512]} Ra6 45. Kb5 Ra8 46. a6 (46. Rxd4 $142 Rb8+ 47. Kc6) 46... Rb8+ 47. Ka5 Ke7 48. Rxd4 Rd8 49. Rxd8 Kxd8 50. a7 Ke7 {Accuracy: White = 54%, Black = 25%.} 1-0

[Event "Saint Louis Invitational-A 2019"]
[Site "Saint Louis"]
[Date "2019.11.24"]
[Round "6.3"]
[White "Mishra, Abhimanyu"]
[Black "Zierk, Steven"]
[Result "1/2-1/2"]
[WhiteElo "2396"]
[BlackElo "2512"]
[Annotator "TA"]
[PlyCount "112"]
[EventDate "2019.11.21"]
[EventType "tourn"]
[EventCountry "USA"]
[SourceTitle "playchess.com"]
[Source "ChessBase"]
[SourceQuality "1"]

{[%evp 15,112,8,10,1,24,0,60,73,71,79,86,89,78,92,96,81,83,81,91,63,120,42,40,19,86,32,29,29,58,28,29,-19,-15,-12,-13,-13,-6,-8,-7,-16,-17,-27,-28,-177,-59,-64,0,-62,-35,-43,-13,-34,-44,-52,-29,-43,-19,-27,-14,-20,-18,-30,-32,-65,-65,-65,-65,-65,-62,-62,0,0,0,-44,-59,-57,11,12,0,0,0,0,0,0,0,0,0,0,0,0,0,0,0,0,0,0,0,0,0]} 1. e4 e6 2. d4 d5 3. Nc3 Bb4 4. e5 c5 5. a3 Bxc3+ 6. bxc3 Qa5 7. Bd2 Qa4 8. Qg4 Kf8 9. Nf3 {C18: French: 3 Nc3 Bb4: Main line: 7 h4 and 7 Qg4} Qxc2 10. dxc5 Nd7 $146 (10... Ne7 $11) ({Predecessor:} 10... Nc6 11. Be2 Nh6 12. Qh3 Qf5 13. Qxf5 Nxf5 14. O-O f6 15. exf6 gxf6 16. c4 d4 {½-½ (54) Shirov,A (2630)-Sjodahl,P (2413) Sweden 2018}) 11. Qd4 $14 {White is slightly better.} Qb2 12. Rc1 Ne7 13. Qb4 Qxb4 14. cxb4 ({Don't play} 14. axb4 Ng6 $11) 14... f6 15. exf6 gxf6 16. Nd4 Ne5 17. Bc3 Nf7 {[#]} (17... Kg7 $14) 18. Be2 (18. f4 $1 $16) 18... Rg8 19. g3 a6 (19... e5 $11 {keeps the balance.}) 20. O-O (20. f4 $16) 20... e5 21. Nb3 Nc6 22. a4 d4 23. b5 (23. Bd2 {is interesting.} Be6 24. Bc4 Bxc4 25. Rxc4 Kg7 26. f4) 23... axb5 24. axb5 dxc3 25. bxc6 bxc6 26. Rxc3 Be6 27. Nd2 Ke7 28. Nc4 Ng5 29. Nb6 {[#]} (29. Rc2 $11 {and White is okay.}) 29... Ra2 (29... Nh3+ $1 $19 30. Kh1 Ra2) 30. Bc4 $15 Rd2 ({Better is} 30... Bxc4 $15 31. Nxc4 Rb8) 31. Bxe6 (31. h4 $11 Ne4 32. Ra3 Nxc5 33. Ra7+ Kd6 34. Rxh7) 31... Kxe6 32. Nc4 Ne4 {Strongly threatening ...Rxf2.} (32... Ra2 {is more complex.} 33. Nd6 Nh3+ 34. Kg2 Nf4+ 35. Kh1 Ne2) 33. Nxd2 (33. Re3 {seems wilder.} Rd4 34. Rc1 Rgd8 35. Na5 Rd1+ 36. Rxd1 Rxd1+ 37. Kg2) 33... Nxc3 $11 {[%mdl 4096] Endgame KRN-KRN} 34. Kg2 Rd8 35. Rc1 Na4 36. Ne4 Rd4 37. f3 h5 38. h4 f5 39. Ng5+ Kd5 40. Nh7 Rd2+ 41. Kh3 Nxc5 42. Nf6+ Kd6 43. Ne8+ Kd5 44. Nf6+ Kd4 45. Nxh5 {next Ng7 is good for White.} Rf2 (45... Nd3 $1 $15 46. Rxc6 Ke3) 46. Ng7 {h5 is the strong threat.The position is equal.} Rxf3 47. Kg2 e4 48. h5 {aiming for h6.} Nd3 49. h6 Rf2+ (49... Nxc1 $2 {too greedy.} 50. h7 $18) 50. Kg1 {And now h7 would win.} e3 ({Reject} 50... Nxc1 $6 51. Kxf2 Nd3+ 52. Ke2 $16) 51. h7 Nxc1 52. h8=Q Ne2+ {[%mdl 64] Double Attack} 53. Kh1 {Hoping for Nxf5+.} Rf1+ 54. Kg2 Rf2+ 55. Kh1 {Threatens to win with Nxf5+.} Nxg3+ 56. Kg1 Ne2+ {Accuracy: White = 52%, Black = 53%.} 1/2-1/2

[Event "Saint Louis Invitational-A 2019"]
[Site "Saint Louis"]
[Date "2019.11.24"]
[Round "6.4"]
[White "Yoo, Christopher Woojin"]
[Black "Kevlishvili, Robby"]
[Result "1-0"]
[WhiteElo "2449"]
[BlackElo "2475"]
[Annotator "TA RC"]
[PlyCount "83"]
[EventDate "2019.11.21"]
[EventType "tourn"]
[EventCountry "USA"]
[SourceTitle "playchess.com"]
[Source "ChessBase"]
[SourceQuality "1"]

{[%evp 12,83,-20,-27,-29,-42,-16,-18,-21,-17,10,6,16,14,105,104,103,102,121,100,120,56,55,33,63,73,55,64,70,54,71,56,80,64,86,86,86,73,83,0,77,75,88,60,54,48,146,102,115,119,142,141,143,135,190,197,197,197,237,237,489,478,518,508,686,623,1321,1283,1610,1462,1273,1256,980,908]} 1. e4 c5 2. d4 cxd4 3. c3 dxc3 4. Nxc3 Nc6 5. Nf3 e6 6. Bc4 a6 7. O-O b5 {[%cal Bb7b5,Bb5b4][%mdl 32] B21: Sicilian: 2 f4 and Morra Gambit} (7... Nge7 8. Bg5 h6 9. Be3 Ng6 10. Nd4 Be7 11. f4 O-O 12. Qh5 Nxd4 13. Bxd4 Qc7 14. Bd3 Nxf4 15. Qg4 Ng6 16. e5 Nxe5 {0-1 (32) Moiseenko,V (2517)-Alekseev,E (2627) Yaroslavl 2018}) 8. Bd3 Nge7 9. Be3 Ng6 {The position is equal.} 10. a4 b4 11. Nd5 $1 Rb8 {With the idea ...Bd6.} 12. a5 $36 {[%mdl 2048] White is pushing.} exd5 $146 (12... Nxa5 $11 {keeps the balance.} 13. Re1 Rg8) ({Predecessor:} 12... Nxa5 13. Re1 Nc6 14. Bxa6 Bxa6 15. Rxa6 Rb7 {½-½ (26) Cuccumini,V (2248)-Epinoux,J (2140) ICCF email 2016}) 13. exd5 $16 Nce5 {aiming for ...Bd6.} (13... Nxa5 $2 14. Re1 $18) 14. Bxg6 $1 hxg6 15. Nxe5 Bd6 16. f4 ({White should try} 16. Bf4 $1 $16 {And now Nxg6! would win.} O-O 17. Nxf7 $1 {[%mdl 512]} Rxf7 18. Bxd6) 16... O-O $14 17. Bb6 Qe7 18. Nc4 {Strongly threatening Re1.} Bc5+ 19. Kh1 {Hoping for Re1.} d6 20. Re1 Qf6 21. Bxc5 dxc5 22. Qd2 Rd8 23. Re5 Bd7 24. Nb6 Bb5 25. Rc1 (25. Rae1 $16) 25... Qd6 (25... Re8 $11) 26. Qe3 $16 c4 27. Nxc4 Bxc4 28. Rxc4 Qd7 (28... f6 $14 29. Rc6 Qxc6 30. dxc6 Rd1+ 31. Qe1 Rxe1+ 32. Rxe1 Rc8) 29. Rc5 Qa4 30. h3 Qa1+ 31. Qc1 Qxc1+ 32. Rxc1 {[%mdl 4096] Endgame KRR-KRR} g5 {[#]} (32... Rb5 $16 {was necessary.}) 33. Rc6 $1 $18 ({Much less strong is} 33. fxg5 $6 Rb5 $16) 33... gxf4 {[#]} 34. d6 $1 ({Resist} 34. Rxa6 $6 Rb5 $16) 34... Rd7 35. Rxa6 Rc8 $2 (35... f6 36. Re4 Kf7) 36. Rb6 {White is clearly winning.} Rc1+ 37. Kh2 f3 {...f2 is the strong threat.} 38. gxf3 Rc2+ 39. Kg3 Rxb2 40. a6 {[%cal Ba5a6,Ba6a7][%mdl 32]} Ra2 41. Re7 Rd8 42. a7 {Accuracy: White = 81%, Black = 43%.} 1-0

[Event "Saint Louis Invitational-A 2019"]
[Site "Saint Louis"]
[Date "2019.11.24"]
[Round "6.5"]
[White "Thavandiran, Shiyam"]
[Black "Stremavicius, Titas"]
[Result "0-1"]
[WhiteElo "2409"]
[BlackElo "2506"]
[Annotator "TA"]
[PlyCount "56"]
[EventDate "2019.11.21"]
[EventType "tourn"]
[EventCountry "USA"]
[SourceTitle "playchess.com"]
[Source "ChessBase"]
[SourceQuality "1"]

{[%evp 16,56,8,8,18,12,27,17,46,36,39,48,70,77,74,73,80,83,84,66,93,81,76,57,78,77,72,0,0,-21,-2,0,-2,-89,-71,-152,-93,-103,-116,-186,-156,-499,-485]} 1. e4 d6 2. d4 Nf6 3. Nc3 g6 4. Be3 c6 5. Qd2 Nbd7 6. Nf3 Bg7 7. Bd3 O-O 8. h3 e5 9. O-O Re8 {B08: Pirc Defence: Classical System} 10. Rfe1 b5 11. dxe5 dxe5 {The position is equal.} 12. Ne2 Qe7 13. a4 b4 14. c3 a5 15. cxb4 axb4 {[#]} 16. Qc2 $146 ({Predecessor:} 16. Rec1 c5 17. Ng3 {1-0 (63) Leko,P (2732)-Bologan,V (2681) Beijing 2012}) 16... c5 17. Nd2 Bb7 18. Nc1 Nh5 19. Ncb3 Nf4 20. Bb5 $1 Red8 {[#]} 21. Bxd7 ({White should try} 21. Nc4 $1 $16) 21... Rxd7 $11 22. Qxc5 Qd8 {Threatening ...Nd3.} 23. Bxf4 exf4 24. Qxb4 {[#]} (24. Nc4 $11) 24... Bf8 $1 $36 {[%cal Rf8b4][%mdl 2048] White is under strong pressure.} 25. Qc3 (25. Qb5 $142) 25... Rc8 (25... Rd3 $142 26. Qc4 Ba6) 26. Qf3 Bb4 ({But not} 26... Rxd2 $6 27. Nxd2 Qxd2 28. Red1 $11) 27. Qxf4 (27. a5 $17) 27... Rxd2 28. e5 $2 {[#]} (28. Nxd2 $17 {nothing else works.} Bxd2 29. Qe5 Bxe1 30. Rxe1) 28... Qd5 $1 {[%mdl 576] Double Attack. Accuracy: White = 40%, Black = 75%.} 0-1